书目信息 |
| 题名: |
认知神经科学基础
|
|
| 作者: | 魏景汉 , 阎克乐 著 | |
| 分册: | ||
| 出版信息: | 北京 人民教育出版社 2008.5 |
|
| 页数: | 724页 | |
| 开本: | 23cm | |
| 丛书名: | 基础心理学书系 | |
| 单 册: | ||
| 中图分类: | B842.1 | |
| 科图分类: | ||
| 主题词: | 认知科学 | |
| 电子资源: | ||
| ISBN: | 978-7-107-20440-1 | |
| 000 | 00935oam2 2200265 45 | |
| 001 | 1360582343 | |
| 005 | 20130531100612.09 | |
| 010 | @a978-7-107-20440-1@dCNY64.20 | |
| 100 | @a20130513d2008 ekmy0chiy0120 ea | |
| 101 | 0 | @achi |
| 102 | @aCN@b110000 | |
| 105 | @aa z 000yy | |
| 106 | @ar | |
| 200 | 1 | @a认知神经科学基础@ARen Zhi Shen Jing Ke Xue Ji Chu@f魏景汉,阎克乐等著@FWei Jing Han, Yan Ke Le Deng Zhu |
| 210 | @a北京@c人民教育出版社@d2008.5 | |
| 215 | @a724页@c图@d23cm | |
| 225 | 2 | @a基础心理学书系 |
| 330 | @a本书属认知神经科学的入门书籍,在内容上学术观点与方法的阐述并重,在方法学方面重点对无损伤脑高级功能成像方法的技术基础进行了论述,其中还反映了我国心理学工作者的研究成果。 | |
| 461 | 0 | @12001 @a基础心理学书系 |
| 606 | 0 | @a认知科学 |
| 690 | @aB842.1@v5 | |
| 701 | 0 | @a魏景汉@AWei Jing Han@4著 |
| 701 | 0 | @a阎克乐@AYan Ke Le@4著 |
| 801 | @aCN@bTANGWEI@c20130523 | |
| 905 | @b0835773-76@dB842.1@e1182@f4 | |
| 认知神经科学基础/魏景汉,阎克乐等著.-北京:人民教育出版社,2008.5 |
| 724页:图;23cm.-(基础心理学书系) |
| ISBN 978-7-107-20440-1:CNY64.20 |
| 本书属认知神经科学的入门书籍,在内容上学术观点与方法的阐述并重,在方法学方面重点对无损伤脑高级功能成像方法的技术基础进行了论述,其中还反映了我国心理学工作者的研究成果。 |
| ● |
| 相关链接 |
|
|
|
|
正题名:认知神经科学基础
索取号:B842.1/1182
 
预约/预借
| 序号 | 登录号 | 条形码 | 馆藏地/架位号 | 状态 | 备注 |
| 1 | 0835773 | 208357730 | 第一样本阅览室/ [索取号:B842.1/1182] | 在馆 | |
| 2 | 0835774 | 208357749 | 教育系资料室/ [索取号:B842.1/1182] | 在馆 | |
| 3 | 0835775 | 208357758 | 第一借阅区/ [索取号:B842.1/1182] | 在馆 | |
| 4 | 0835776 | 208357767 | 教育系资料室/ [索取号:B842.1/1182] | 在馆 |